Surveying safely (Record no. 108151)

MARC details
000 -LEADER
fixed length control field 01363cad a22002655a 4500
001 - CONTROL NUMBER
control field L143413
008 - FIXED-LENGTH DATA ELEMENTS--GENERAL INFORMATION
fixed length control field 080506s2006 xxk f 000 0 eng u
035 ## - SYSTEM CONTROL NUMBER
System control number (Sirsi) u143413
041 ## - LANGUAGE CODE
Language code of text/sound track or separate title eng
050 ## - LIBRARY OF CONGRESS CALL NUMBER
Classification number 344.410465
-- 18
110 ## - MAIN ENTRY--CORPORATE NAME
Corporate name or jurisdiction name as entry element Royal Institution of Chartered Surveyors
Subordinate unit Health and Safety Forum
9 (RLIN) 4653
245 00 - TITLE STATEMENT
Title Surveying safely
Remainder of title your guide to personal safety at work
250 ## - EDITION STATEMENT
Edition statement 2nd ed.
260 ## - PUBLICATION, DISTRIBUTION, ETC.
Place of publication, distribution, etc. London
Name of publisher, distributor, etc. RICS
Date of publication, distribution, etc. 2006
300 ## - PHYSICAL DESCRIPTION
Extent 15p.
Dimensions 30cm.
505 2# - FORMATTED CONTENTS NOTE
Formatted contents note General statement of employers' and employees' duties -- Safety of employees -- Your workplace -- Identifying hazards and undertaking risk assessments -- Before visiting premises/sites -- Arrival and during visits to premises/sites -- Safety of yourself and others -- Your legal duties -- Case studies -- The Bilbao Declaration -- The mind map
520 ## - SUMMARY, ETC.
Summary, etc. This short guide aims to help surveyors prioritise health and safety when carrying out their duties and responsibilities. It also highlights the hazardous aspects of the industry.
520 ## - SUMMARY, ETC.
Summary, etc. Supersedes 2004 edition (J127781).
650 ## - SUBJECT ADDED ENTRY--TOPICAL TERM
Topical term or geographic name entry element WORKPLACE (HEALTH, SAFETY AND WELFARE) REGULATIONS 1992
650 ## - SUBJECT ADDED ENTRY--TOPICAL TERM
Topical term or geographic name entry element MANAGEMENT OF HEALTH AND SAFETY AT WORK REGULATIONS 1999
650 ## - SUBJECT ADDED ENTRY--TOPICAL TERM
Topical term or geographic name entry element HEALTH AND SAFETY AT WORK ETC ACT 1974
651 #4 - SUBJECT ADDED ENTRY--GEOGRAPHIC NAME
Geographic name United Kingdom
Chronological subdivision
690 ## - LOCAL SUBJECT ADDED ENTRY--TOPICAL TERM (OCLC, RLIN)
Topical term or geographic name as entry element MANAGEMENT-HEALTH AND SAFETY
942 ## - ADDED ENTRY ELEMENTS (KOHA)
Suppress in OPAC 0
Holdings
Withdrawn status Lost status Source of classification or shelving scheme Damaged status Not for loan Home library Current library Shelving location Date acquired Total Checkouts Full call number Barcode Date last seen Copy number Price effective from Koha item type Date last checked out
    Dewey Decimal Classification     London London RICS Boxes 06/05/2008   RICS 2006/87 30071220 06/08/2019 1 06/08/2019 Archive  
    Dewey Decimal Classification     London London RICS Boxes 06/05/2008   RICS 2006/87 30071217 06/08/2019 2 06/08/2019 Reference material  
    Dewey Decimal Classification     London London RICS Boxes 03/06/2008 3 RICS 2006/87 30076051 06/08/2019 3 06/08/2019 Book 18/05/2009